Motivation theories and principles
Saved in:
| Main Author: | |
|---|---|
| Format: | Book |
| Language: | English |
| Published: |
Upper Saddle River
Pearson/Prentice Hall
2004
|
| Edition: | 5th ed. |
| Subjects: | |
| Tags: |
No Tags, Be the first to tag this record!
|
MARC
| LEADER | 00000nam a2200000 4500 | ||
|---|---|---|---|
| 001 | 0236485 | ||
| 005 | 20240306135308.4 | ||
| 020 | |a 0-13-111445-X | ||
| 041 | 0 | |a eng | |
| 044 | |a US | ||
| 245 | 1 | 0 | |a Motivation |b theories and principles |c Robert C. Beck |
| 250 | |a 5th ed. | ||
| 264 | 1 | |a Upper Saddle River |b Pearson/Prentice Hall |c 2004 | |
| 300 | |a x, 470 s. | ||
| 610 | 2 | 0 | |a motivácia |
| 610 | 2 | 0 | |a motivácia pracovná |
| 610 | 2 | 0 | |a psychológia |
| 610 | 2 | 0 | |a emócie |
| 610 | 2 | 0 | |a správanie |
| 610 | 2 | 0 | |a konflikty |
| 610 | 2 | 0 | |a stresy |
| 610 | 2 | 0 | |a agresia |
| 610 | 2 | 0 | |a altruizmus |
| 610 | 2 | 0 | |a osobnosť |
| 100 | 1 | |a Beck, Robert C. | |